| 000 -LEADER |
| fixed length control field |
01383nmm a2200373 a 4500 |
| 001 - CONTROL NUMBER |
| control field |
ocm0001916985 |
| 003 - CONTROL NUMBER IDENTIFIER |
| control field |
TR-IsHL |
| 005 - DATE AND TIME OF LATEST TRANSACTION |
| control field |
20201028173110.0 |
| 008 - FIXED-LENGTH DATA ELEMENTS--GENERAL INFORMATION |
| fixed length control field |
180914s2013 tu tur |
| 007 - PHYSICAL DESCRIPTION FIXED FIELD--GENERAL INFORMATION |
| fixed length control field |
cr cn |
| 020 ## - INTERNATIONAL STANDARD BOOK NUMBER |
| International Standard Book Number |
9789944157667 |
| 035 ## - SYSTEM CONTROL NUMBER |
| System control number |
1916985 |
| -- |
(N$T) |
| 050 04 - LIBRARY OF CONGRESS CALL NUMBER |
| Classification number |
HC412 |
| Item number |
.Y55 2013 |
| 090 04 - LOCALLY ASSIGNED LC-TYPE CALL NUMBER (OCLC); LOCAL CALL NUMBER (RLIN) |
| Classification number (OCLC) (R) ; Classification number, CALL (RLIN) (NR) |
HC412 |
| Local cutter number (OCLC) ; Book number/undivided call number, CALL (RLIN) |
.Y55 2013 |
| 100 1# - MAIN ENTRY--PERSONAL NAME |
| Personal name |
Yıldıran, Mustafa |
| 245 10 - TITLE STATEMENT |
| Title |
İpekyolu ekonomileri ve Türkiye için alternatif vizyon |
| Medium |
[electronic resource] / |
| Statement of responsibility, etc. |
Mustafa Yıldıran |
| 260 ## - PUBLICATION, DISTRIBUTION, ETC. |
| Place of publication, distribution, etc. |
İstanbul : |
| Name of publisher, distributor, etc. |
Hiperlink Yayınları, |
| Date of publication, distribution, etc. |
2013 |
| 300 ## - PHYSICAL DESCRIPTION |
| Extent |
168 p. |
| 500 ## - GENERAL NOTE |
| General note |
"Türkiye'nin tarihi hayat alanından yükselen ekonomik ödül olarak İpekyolu." |
| International Standard Serial Number (SE) [OBSOLETE] |
Bibliyografya: s. 157-165. |
| -- |
|
| 650 #4 - SUBJECT ADDED ENTRY--TOPICAL TERM |
| Topical term or geographic name entry element |
Ekonomi ve Finans |
| 650 #4 - SUBJECT ADDED ENTRY--TOPICAL TERM |
| Topical term or geographic name entry element |
Economics and Finance |
| 650 #0 - SUBJECT ADDED ENTRY--TOPICAL TERM |
| Topical term or geographic name entry element |
Avrasya |
| General subdivision |
Ekonomik durum |
| 650 #0 - SUBJECT ADDED ENTRY--TOPICAL TERM |
| Topical term or geographic name entry element |
Eurasia |
| General subdivision |
Economic conditions |
| 650 #0 - SUBJECT ADDED ENTRY--TOPICAL TERM |
| Topical term or geographic name entry element |
Türkiye |
| General subdivision |
Ekonomik durum |
| 650 #0 - SUBJECT ADDED ENTRY--TOPICAL TERM |
| Topical term or geographic name entry element |
Turkey |
| General subdivision |
Economic conditions |
| 650 #0 - SUBJECT ADDED ENTRY--TOPICAL TERM |
| Topical term or geographic name entry element |
Ticaret yolları |
| General subdivision |
Asya |
| -- |
Tarih |
| 650 #0 - SUBJECT ADDED ENTRY--TOPICAL TERM |
| Topical term or geographic name entry element |
Trade routes |
| General subdivision |
Asia |
| -- |
History |
| 650 #0 - SUBJECT ADDED ENTRY--TOPICAL TERM |
| Topical term or geographic name entry element |
İpek Yolu |
| General subdivision |
Ekonomik açıdan |
| 650 #0 - SUBJECT ADDED ENTRY--TOPICAL TERM |
| Topical term or geographic name entry element |
Silk Road |
| General subdivision |
Economic conditions |
| 650 #0 - SUBJECT ADDED ENTRY--TOPICAL TERM |
| Topical term or geographic name entry element |
İpek Yolu |
| 650 #0 - SUBJECT ADDED ENTRY--TOPICAL TERM |
| Topical term or geographic name entry element |
Silk Road |
| 650 #7 - SUBJECT ADDED ENTRY--TOPICAL TERM |
| Topical term or geographic name entry element |
BUSINESS & ECONOMICS / International / Economics |
| Source of heading or term |
bisacsh |
| 856 40 - ELECTRONIC LOCATION AND ACCESS |
| Uniform Resource Identifier |
<a href="http://search.ebscohost.com/login.aspx?direct=true&scope=site&db=e011xww&AN=1916985">http://search.ebscohost.com/login.aspx?direct=true&scope=site&db=e011xww&AN=1916985</a> |